| 000 | 00832cab a2200301 4500 | ||
|---|---|---|---|
| 001 | ABS46728 | ||
| 008 | 090401t1992 xxu||||| |||| 00| 0 eng d | ||
| 035 | _a(Sirsi) u59373 | ||
| 041 | _aeng | ||
| 245 | _aNorth Yorks and Humberside | ||
| 260 | _c1992 | ||
| 350 | _a0 | ||
| 490 |
_aEstates Times _v(1151) 10 July 1992, 9-19(9) |
||
| 520 | _aReviews the office, retail and industrial markets in York, Hull, Harrogate, Scarborough and Thirsk. | ||
| 650 | _aESTATES TIMES SURVEY | ||
| 650 | _aHARROGATE | ||
| 650 | _aHULL | ||
| 650 | _aHUMBERSIDE | ||
| 650 | _aINVESTMENT | ||
| 650 | _aNORTH YORKSHIRE | ||
| 650 | _aSCARBOROUGH | ||
| 650 | _aTHIRSK | ||
| 650 | _aURBAN REGENERATION | ||
| 650 | _aYORK | ||
| 690 | _aPROPERTY-COMMERCIAL PROPERTY-COMMERCIAL PROPERTY MARKET | ||
| 942 | _n0 | ||
| 948 | _c04/03/1997 | ||
| 999 |
_c36430 _d36430 |
||